LIBRARY & INFORMATION CENTRE, KCAET, TAVANUR

ONLINE PUBLIC ACCESS CATALOGUE (OPAC)

Upkar's Bank Agriculture Officers Recruitment Exam (Record no. 14536)

MARC details
000 -LEADER
fixed length control field 00282nam a22001097a 4500
082 ## - DEWEY DECIMAL CLASSIFICATION NUMBER
Classification number 658
Item number JAI/UP
100 ## - MAIN ENTRY--AUTHOR NAME
Personal name Jain,T.S
100 ## - MAIN ENTRY--AUTHOR NAME
Personal name Rajput, O.P.
245 ## - TITLE STATEMENT
Title Upkar's Bank Agriculture Officers Recruitment Exam
260 ## - PUBLICATION, DISTRIBUTION, ETC. (IMPRINT)
Place of publication Agra - 2
Name of publisher Upkar Prakashan
Year of publication 2013
942 ## - ADDED ENTRY ELEMENTS (KOHA)
Koha item type Reference
Holdings
Withdrawn status Lost status Damaged status Collection code Home library Current library Shelving location Date acquired Source of acquisition Cost, normal purchase price Full call number Accession Number Koha item type
        KAUAET KAUAET General Stacks 14/07/2016 Professional Book Centre, Kochi. 275.00 658 JAI/UP 24222 Books
free website counter